Statystyki dla Języki urzędowe w terytoriach zależnych i zamorskich.

Kliknij tutaj aby rozwiązać quiz!

Ogólne statystyki

  • Ten quiz został rozwiązany 61 razy
  • Średni wynik to 58 z 73

Statystyki odpowiedzi

nazwa terytoriumjęzyk/języki urzędowe% Poprawnych
GibraltarAngielski
98%
Turks i CaicosAngielski
98%
Wyspy KokosoweAngielski
98%
Wyspy Bożego NaordzeniaAngielski
98%
NorfolkAngielski
98%
Wyspa Świętej Heleny,
Wyspa Wniebowstąpienia i Tristan da Cunha
Angielski
98%
Georgia Południowa i Sandwich PołudniowyAngielski
98%
FalklandyAngielski
98%
BermudyAngielski
98%
PitcairnAngielski
98%
Wyspy CookaAngielski
98%
TokelauAngielski
98%
Angielski
98%
NiueAngielski
98%
Angielski
98%
KajmanyAngielski
98%
PortorykoAngielski
98%
Wyspy Dziewicze USAAngielski
98%
Brytyjskie Wyspy DziewiczeAngielski
98%
AnguillaAngielski
98%
Sint MaartenAngielski
98%
MontserratAngielski
98%
Brytyjskie Terytorium Oceanu IndyjskiegoAngielski
98%
Wyspy Heard i McDonaldaAngielski
98%
JerseyAngielski
98%
Angielski
98%
GuernseyAngielski
98%
Angielski
98%
Angielski
98%
Duński
98%
Duński
98%
Francuski
98%
Francuski
98%
Wallis i FutunaFrancuski
98%
Saint-Pierre i MiquelonFrancuski
98%
Polinezja FrancuskaFrancuski
98%
Francuskie Terytoria Południowe i AntarktyczneFrancuski
98%
Nowa KaledoniaFrancuski
98%
GwadelupaFrancuski
98%
MartynikaFrancuski
98%
ReunionFrancuski
98%
MajottaFrancuski
98%
Gujana FrancuskaFrancuski
98%
PalestynaArabski
94%
Sahara ZachodniaArabski
94%
Hiszpański
94%
Portugalski
94%
Rosyjski
94%
Wyspa BouvetaNorweski
92%
SvalbardNorweski
92%
MakauChiński
91%
HongkongChiński
91%
NaddniestrzeUkraiński
87%
ArubaNiderlandzki
79%
CuracaoNiderlandzki
79%
Niderlandzki
79%
Rumuński
77%
Wyspy AlandzkieSzwedzki
75%
Mołdawski
68%
GrenlandiaGrenlandzki
57%
Wyspy OwczeFarerski
42%
Samoa AmerykańskieSamoański
34%
Wyspa ManManx
32%
Niue
17%
Tokelau
17%
Czamorro
6%
GuamCzamorro
6%
Maoryjski Wysp Cooka
6%
Mariany PółnocneKaroliński
4%
Papiamento
2%
Papiamento
2%
Pitkarnyjski
2%
Pitkarnyjski
2%

Rozkład punktacji

Percentyl według liczby udzielonych odpowiedzi

Procent ludzi z każdym wynikiem

Twoja historia wyników

Nie rozwiązałeś tego quizu